Number One Centres For All NHL Teams (2016-2017) - Statistics

General Stats
  • This quiz has been taken 656 times
    579 since last reset
  • The average score is 17 of 30
Answer Stats
Hint Answer % Correct
Boston Patrice Bergeron
92%
Anaheim Ryan Getzlaf
92%
Chicago Jonathan Toews
88%
Pittsburgh Sidney Crosby
87%
Edmonton Connor McDavid
86%
Los Angeles Anze Kopitar
82%
Tampa Bay Steven Stamkos
78%
Dallas Tyler Seguin
77%
New York I John Tavares
76%
Washington Nicklas Backstrom
76%
Florida Aleksander Barkov
72%
Philadelphia Claude Giroux
72%
Vancouver Henrik Sedin
68%
San Jose Joe Thornton
66%
Minnesota Mikko Koivu
61%
Detroit Henrik Zetterberg
59%
Colorado Matt Duchene
55%
Winnipeg Mark Scheifele
53%
Buffalo Ryan O'Reilly
53%
Calgary Sean Monahan
52%
Toronto Nazem Kadri
44%
Nashville Ryan Johansen
43%
New York R Derek Stepan
31%
Montreal Alex Galchenyuk
28%
Ottawa Kyle Turris
28%
St. Louis Paul Stastny
15%
New Jersey Adam Henrique
14%
Columbus Brandon Dubinsky
14%
Arizona Martin Hanzal
14%
Carolina Victor Rask
11%
No matching quizzes found
Score Distribution
Percent of People with Each Score
Percentile by Number Answered
Your Score History
You have not taken this quiz since the last reset